[Event "Stay Safe Play From Home 157"]
[Site "T#646177Emanuel Laske"]
[Date "2020.05.19"]
[Round "9"]
[White "XShot"]
[Black "SoulofWolf"]
[Result "1-0"]
[WhiteElo "2501"]
[BlackElo "2166"]
[Annotator "TA"]
[PlyCount "57"]
[EventDate "2020.05.19"]
[EventType "swiss (blitz)"]

{[%evp 9,57,-2,39,-1,2,0,6,14,16,16,20,10,22,-1,15,0,0,-42,0,-36,0,0,0,-10,0,0,0,0,37,-73,98,0,426,424,412,161,141,137,151,165,155,149,29995,29996,29996,29997,29997,186,29998,29999]} 1. d4 e6 2. Nf3 d5 3. Bg5 Be7 4. Bxe7 Nxe7 5. c3 c5 6. Nbd2 {D02: 1 d4 d5 2 Nf3 sidelines, including 2...Nf6 3 g3 and 2...Nf6 3 Bf4.} Nd7 7. e3 Qc7 8. Bd3 {[#] The position is equal.} Ng6 $146 ({Predecessor:} 8... e5 9. dxe5 Nxe5 10. Nxe5 Qxe5 11. Nf3 Qh5 12. Qa4+ Bd7 13. Qh4 Qxh4 14. Nxh4 O-O-O {½-½ (73) Jayaraj,J-Balasubramaniun,R (2245) Madras 1997}) 9. O-O O-O 10. Re1 b6 11. e4 dxe4 12. Nxe4 Bb7 13. Qe2 Rad8 14. Rad1 a5 15. Qe3 Nf4 16. Bb1 Nd5 17. Qd3 g6 18. Qd2 Nf4 19. h4 (19. Qe3 $14 {keeps the upper hand.}) 19... h5 $2 (19... f5 $17 {and life is bright.} 20. Neg5 Rfe8) 20. Ne5 (20. g3 $16 Bxe4 21. Bxe4) 20... Nd5 $2 {[%mdl 8192]} (20... Nxg2 $11 21. Nxd7 Rxd7 22. Nf6+ (22. Kxg2 f5 $11 {[%mdl 64] Pin}) 22... Kg7 23. Nxh5+ Kh7 24. Nf6+ Kg7 25. Nh5+ Kh7 26. Nf6+ Kg7 27. Nh5+) 21. Qh6 $18 {Nxg6! is the strong threat.} Nxe5 22. Ng5 $2 (22. dxe5 Qxe5 23. Nxc5 $1 {[%mdl 576] Discovered Attack}) 22... Nf6 23. dxe5 Rxd1 24. Rxd1 $40 {[%mdl 128] White attacks with force.} Qxe5 {[#] aiming for ...Qe2.} 25. Bxg6 $1 {[%mdl 512] Intending Bh7+ and mate.} fxg6 $2 {[%mdl 8192] Now Black is done in.} (25... Qh2+ $16 26. Kxh2 Ng4+ 27. Kg1 Nxh6) 26. Qxg6+ Kh8 27. Nf7+ Rxf7 28. Qxf7 $2 (28. Rd8+ {mates} Ne8 29. Rxe8+ {[%mdl 64] Double Attack} Rf8 30. Rxf8#) 28... Qe4 $2 (28... Bc6 $18 29. Rd8+ Be8) 29. Rd8+ {Accuracy: White = 61%, Black = 49%.} 1-0

[Event "Stay Safe Play From Home 157"]
[Site "T#646177Emanuel Laske"]
[Date "2020.05.19"]
[Round "9"]
[White "Mepe_Nika"]
[Black "Little champs"]
[Result "1/2-1/2"]
[WhiteElo "2260"]
[BlackElo "2250"]
[Annotator "NA"]
[PlyCount "168"]
[EventDate "2020.05.19"]
[EventType "swiss (blitz)"]

1. e4 {[%emt 0:00:02]} c6 {[%emt 0:00:01]} 2. d4 {[%emt 0:00:01]} d5 {[%emt 0:00:00]} 3. exd5 {[%emt 0:00:01]} cxd5 {[%emt 0:00:01]} 4. Bd3 {[%emt 0:00:01]} e6 {[%emt 0:00:00]} 5. c3 {[%emt 0:00:01]} Nf6 {[%emt 0:00:00]} 6. f4 {[%emt 0:00:03]} Be7 {[%emt 0:00:00]} 7. Nf3 {[%emt 0:00:01]} O-O {[%emt 0:00:00]} 8. Ne5 {[%emt 0:00:01]} Nc6 {[%emt 0:00:00]} 9. g4 {[%emt 0:00:03]} Ne4 {[%emt 0:00:01]} 10. Nd2 {[%emt 0:00:03]} f5 {[%emt 0:00:01]} 11. g5 {[%emt 0:00:01]} Nxe5 {[%emt 0:00:01]} 12. dxe5 {[%emt 0:00:01]} Qb6 {[%emt 0:00:01]} 13. Qe2 {[%emt 0:00:03]} Bc5 {[%emt 0:00:02]} 14. Nb3 {[%emt 0:00:03]} Bf2+ {[%emt 0:00:01]} 15. Kf1 {[%emt 0:00:01]} Bc5 {[%emt 0:00:01]} 16. Nxc5 {[%emt 0:00:01]} Qxc5 {[%emt 0:00:01]} 17. Be3 {[%emt 0:00:01]} Qe7 {[%emt 0:00:02]} 18. h4 {[%emt 0:00:01]} a5 {[%emt 0:00:01]} 19. h5 {[%emt 0:00:01]} a4 {[%emt 0:00:00]} 20. Kg2 {[%emt 0:00:01]} Bd7 {[%emt 0:00:01]} 21. a3 {[%emt 0:00:01]} Rac8 {[%emt 0:00:01]} 22. h6 {[%emt 0:00:02]} g6 {[%emt 0:00:01]} 23. Bxe4 {[%emt 0:00:01]} fxe4 {[%emt 0:00:01]} 24. Rhd1 {[%emt 0:00:02]} Rc4 {[%emt 0:00:02]} 25. Rd4 {[%emt 0:00:01]} Rfc8 {[%emt 0:00:01]} 26. Rad1 {[%emt 0:00:02]} Bb5 {[%emt 0:00:01]} 27. Rxc4 {[%emt 0:00:01]} Bxc4 {[%emt 0:00:00]} 28. Qf2 {[%emt 0:00:01]} Qc7 {[%emt 0:00:01]} 29. Bd4 {[%emt 0:00:01]} Rf8 {[%emt 0:00:01]} 30. Rd2 {[%emt 0:00:02]} Qc6 {[%emt 0:00:00]} 31. Qe3 {[%emt 0:00:01]} Qb5 {[%emt 0:00:01]} 32. Bc5 {[%emt 0:00:01]} Rc8 {[%emt 0:00:01]} 33. Be7 {[%emt 0:00:01]} Qd7 {[%emt 0:00:01]} 34. Bf6 {[%emt 0:00:01]} Qc6 {[%emt 0:00:01]} 35. Qg3 {[%emt 0:00:02]} b6 {[%emt 0:00:01]} 36. Qe3 {[%emt 0:00:01] Mepe_Nika offers a draw} Qc5 {[%emt 0:00:01]} 37. Qd4 {[%emt 0:00:03]} Qxd4 {[%emt 0:00:01]} 38. Rxd4 {[%emt 0:00:00]} b5 {[%emt 0:00:00]} 39. Kf2 {[%emt 0:00:01]} Bb3 {[%emt 0:00:00]} 40. Ke3 {[%emt 0:00:01]} Bc4 {[%emt 0:00:00]} 41. Kf2 {[%emt 0:00:01]} Kf7 {[%emt 0:00:00]} 42. Ke3 {[%emt 0:00:01]} Ke8 {[%emt 0:00:00]} 43. Kd2 {[%emt 0:00:00]} Kd7 {[%emt 0:00:00]} 44. Ke3 {[%emt 0:00:00]} Kc6 {[%emt 0:00:00]} 45. Kd2 {[%emt 0:00:00]} Re8 {[%emt 0:00:00]} 46. Ke3 {[%emt 0:00:01]} Kb6 {[%emt 0:00:00]} 47. Kd2 {[%emt 0:00:01]} Ba2 {[%emt 0:00:01]} 48. Ke3 {[%emt 0:00:01]} Rc8 {[%emt 0:00:01]} 49. Rb4 {[%emt 0:00:00]} Bb1 {[%emt 0:00:01]} 50. Kd4 {[%emt 0:00:00]} Rc4+ {[%emt 0:00:03]} 51. Ke3 {[%emt 0:00:00]} Rxb4 {[%emt 0:00:01]} 52. cxb4 {[%emt 0:00:00]} Kc6 {[%emt 0:00:01]} 53. Kd4 {[%emt 0:00:01]} Kd7 {[%emt 0:00:01]} 54. Ke3 {[%emt 0:00:00]} Ba2 {[%emt 0:00:01]} 55. Kd4 {[%emt 0:00:00]} Bc4 {[%emt 0:00:00]} 56. Ke3 {[%emt 0:00:00]} Ke8 {[%emt 0:00:01]} 57. Kd4 {[%emt 0:00:00]} Kf7 {[%emt 0:00:00]} 58. Ke3 {[%emt 0:00:00]} Bb3 {[%emt 0:00:00]} 59. Kd4 {[%emt 0:00:00]} Bc2 {[%emt 0:00:01]} 60. Ke3 {[%emt 0:00:00]} Bd1 {[%emt 0:00:01]} 61. Kd4 {[%emt 0:00:00]} Be2 {[%emt 0:00:01]} 62. Ke3 {[%emt 0:00:00]} Bf1 {[%emt 0:00:00]} 63. Kd4 {[%emt 0:00:00]} Bg2 {[%emt 0:00:00]} 64. Ke3 {[%emt 0:00:00]} Ke8 {[%emt 0:00:00]} 65. Kd4 {[%emt 0:00:00]} Kd7 {[%emt 0:00:00]} 66. Ke3 {[%emt 0:00:00]} Bh3 {[%emt 0:00:00]} 67. Kd4 {[%emt 0:00:00]} Bg4 {[%emt 0:00:00]} 68. Ke3 {[%emt 0:00:00]} d4+ {[%emt 0:00:00]} 69. Kxd4 {[%emt 0:00:00]} Bf3 {[%emt 0:00:00]} 70. Ke3 {[%emt 0:00:00]} Kc6 {[%emt 0:00:00]} 71. Kd4 {[%emt 0:00:01]} Bh1 {[%emt 0:00:00]} 72. Ke3 {[%emt 0:00:00]} Bg2 {[%emt 0:00:01]} 73. Kd4 {[%emt 0:00:00]} Bf3 {[%emt 0:00:00]} 74. Kc3 {[%emt 0:00:01]} Bh1 {[%emt 0:00:00]} 75. Kd2 {[%emt 0:00:00]} Bf3 {[%emt 0:00:00]} 76. Ke3 {[%emt 0:00:00]} Bh1 {[%emt 0:00:00]} 77. Kd4 {[%emt 0:00:00]} Bf3 {[%emt 0:00:00]} 78. Bg7 {[%emt 0:00:00]} Bh1 {[%emt 0:00:00]} 79. Ke3 {[%emt 0:00:00]} Bf3 {[%emt 0:00:00]} 80. Bf6 {[%emt 0:00:00]} Kd5 {[%emt 0:00:00]} 81. Bg7 {[%emt 0:00:00]} Bg2 {[%emt 0:00:01]} 82. Bf6 {[%emt 0:00:00]} Bf3 {[%emt 0:00:00]} 83. Bg7 {[%emt 0:00:00]} Bg2 {[%emt 0:00:00]} 84. Bf6 {[%emt 0:00:00]} Bf3 {[%emt 0:00:00] (Lag: Av=0.72s, max=2.3s)} 1/2-1/2

[Event "Stay Safe Play From Home 157"]
[Site "T#646177Emanuel Laske"]
[Date "2020.05.19"]
[Round "9"]
[White "Toosieslide"]
[Black "BrainThinker22"]
[Result "0-1"]
[WhiteElo "2165"]
[BlackElo "2238"]
[Annotator "NA"]
[PlyCount "62"]
[EventDate "2020.05.19"]
[EventType "swiss (blitz)"]

1. d4 {[%emt 0:00:01]} d5 {[%emt 0:00:01]} 2. c4 {[%emt 0:00:00]} e6 {[%emt 0:00:00]} 3. Nc3 {[%emt 0:00:00]} c5 {[%emt 0:00:00]} 4. Nxd5 {[%emt 0:00:00]} exd5 {[%emt 0:00:00]} 5. cxd5 {[%emt 0:00:01]} Qxd5 {[%emt 0:00:01]} 6. Nf3 {[%emt 0:00:01]} Bg4 {[%emt 0:00:01]} 7. Be3 {[%emt 0:00:03]} Bxf3 {[%emt 0:00:01]} 8. exf3 {[%emt 0:00:01]} Nc6 {[%emt 0:00:00]} 9. Bb5 {[%emt 0:00:02]} cxd4 {[%emt 0:00:04]} 10. Bxc6+ {[%emt 0:00:01]} bxc6 {[%emt 0:00:01]} 11. Bxd4 {[%emt 0:00:01]} Bb4+ {[%emt 0:00:01]} 12. Kf1 {[%emt 0:00:02]} Nf6 {[%emt 0:00:01]} 13. a3 {[%emt 0:00:02]} Be7 {[%emt 0:00:03]} 14. Qd3 {[%emt 0:00:03]} Rd8 {[%emt 0:00:03]} 15. Rd1 {[%emt 0:00:01]} O-O {[%emt 0:00:01]} 16. Qc3 {[%emt 0:00:03]} Bc5 {[%emt 0:00:04]} 17. g3 {[%emt 0:00:02]} Bxd4 {[%emt 0:00:01]} 18. Qd3 {[%emt 0:00:00]} c5 {[%emt 0:00:01]} 19. Kg2 {[%emt 0:00:01]} Rfe8 {[%emt 0:00:03]} 20. Rhe1 {[%emt 0:00:02]} g6 {[%emt 0:00:01]} 21. Rxe8+ {[%emt 0:00:02]} Rxe8 {[%emt 0:00:00]} 22. Qb5 {[%emt 0:00:00]} Kg7 {[%emt 0:00:01]} 23. b4 {[%emt 0:00:01]} Qb3 {[%emt 0:00:09]} 24. Rf1 {[%emt 0:00:03]} c4 {[%emt 0:00:04]} 25. Qc6 {[%emt 0:00:01]} c3 {[%emt 0:00:01]} 26. b5 {[%emt 0:00:00]} c2 {[%emt 0:00:01]} 27. g4 {[%emt 0:00:02]} Re2 {[%emt 0:00:01]} 28. g5 {[%emt 0:00:02]} Nh5 {[%emt 0:00:00]} 29. Qc7 {[%emt 0:00:02]} Be5 {[%emt 0:00:03]} 30. Qc5 {[%emt 0:00:02]} Nf4+ {[%emt 0:00:01]} 31. Kg1 {[%emt 0:00:01]} Qxf3 {[%emt 0:00:01] Toosieslide resigns (Lag: Av=0.54s, max=0.8s)} 0-1

[Event "Stay Safe Play From Home 157"]
[Site "T#646177Emanuel Laske"]
[Date "2020.05.19"]
[Round "9"]
[White "Fischer_11"]
[Black "Ionutn28"]
[Result "0-1"]
[WhiteElo "2132"]
[BlackElo "1736"]
[Annotator "NA"]
[PlyCount "130"]
[EventDate "2020.05.19"]
[EventType "swiss (blitz)"]

1. e4 {[%emt 0:00:01]} c5 {[%emt 0:00:02]} 2. c3 {[%emt 0:00:01]} d6 {[%emt 0:00:00]} 3. d4 {[%emt 0:00:01]} Nf6 {[%emt 0:00:00]} 4. dxc5 {[%emt 0:00:01]} dxc5 {[%emt 0:00:03]} 5. Qxd8+ {[%emt 0:00:01]} Kxd8 {[%emt 0:00:00]} 6. f3 {[%emt 0:00:00]} e6 {[%emt 0:00:01]} 7. Be3 {[%emt 0:00:00]} Bd6 {[%emt 0:00:01]} 8. Bb5 {[%emt 0:00:01]} Bd7 {[%emt 0:00:02]} 9. Bxd7 {[%emt 0:00:00]} Nbxd7 {[%emt 0:00:00]} 10. Ne2 {[%emt 0:00:00]} Ke7 {[%emt 0:00:02]} 11. Nd2 {[%emt 0:00:00]} b6 {[%emt 0:00:02]} 12. O-O-O {[%emt 0:00:00]} Bc7 {[%emt 0:00:02]} 13. h3 {[%emt 0:00:05]} Rad8 {[%emt 0:00:00]} 14. g3 {[%emt 0:00:00]} Ne5 {[%emt 0:00:01]} 15. Kc2 {[%emt 0:00:02]} Rd7 {[%emt 0:00:02]} 16. f4 {[%emt 0:00:01]} Nc6 {[%emt 0:00:01]} 17. Nc4 {[%emt 0:00:02]} Rhd8 {[%emt 0:00:02]} 18. Rxd7+ {[%emt 0:00:01]} Rxd7 {[%emt 0:00:00]} 19. Rd1 {[%emt 0:00:00]} Rxd1 {[%emt 0:00:01]} 20. Kxd1 {[%emt 0:00:00]} e5 {[%emt 0:00:01]} 21. f5 {[%emt 0:00:01]} Nd7 {[%emt 0:00:03]} 22. g4 {[%emt 0:00:01]} f6 {[%emt 0:00:00]} 23. h4 {[%emt 0:00:01]} h6 {[%emt 0:00:00]} 24. g5 {[%emt 0:00:01]} hxg5 {[%emt 0:00:01]} 25. hxg5 {[%emt 0:00:00]} b5 {[%emt 0:00:02]} 26. Nd2 {[%emt 0:00:03]} a6 {[%emt 0:00:00]} 27. Nf3 {[%emt 0:00:04]} Bd6 {[%emt 0:00:01]} 28. gxf6+ {[%emt 0:00:01]} gxf6 {[%emt 0:00:00]} 29. Ng3 {[%emt 0:00:02]} c4 {[%emt 0:00:01]} 30. Nh5 {[%emt 0:00:02]} Bc5 {[%emt 0:00:01]} 31. Ke2 {[%emt 0:00:01]} Bxe3 {[%emt 0:00:01]} 32. Kxe3 {[%emt 0:00:00]} Nc5 {[%emt 0:00:01]} 33. Nh4 {[%emt 0:00:01]} Nd3 {[%emt 0:00:01]} 34. Ng6+ {[%emt 0:00:00]} Kf7 {[%emt 0:00:01]} 35. b3 {[%emt 0:00:01]} Nc1 {[%emt 0:00:02]} 36. bxc4 {[%emt 0:00:01]} bxc4 {[%emt 0:00:00]} 37. a3 {[%emt 0:00:01]} Nb3 {[%emt 0:00:01]} 38. Ng3 {[%emt 0:00:03]} Nc5 {[%emt 0:00:00]} 39. Ne2 {[%emt 0:00:02]} Nd3 {[%emt 0:00:01]} 40. Kd2 {[%emt 0:00:02]} Nc5 {[%emt 0:00:04]} 41. Nc1 {[%emt 0:00:01]} Nxe4+ {[%emt 0:00:01]} 42. Kc2 {[%emt 0:00:01]} Ng3 {[%emt 0:00:01]} 43. Nh4 {[%emt 0:00:01]} Nf1 {[%emt 0:00:01]} 44. Na2 {[%emt 0:00:01]} Ne7 {[%emt 0:00:00]} 45. Nb4 {[%emt 0:00:01]} a5 {[%emt 0:00:00]} 46. Na6 {[%emt 0:00:03]} Ne3+ {[%emt 0:00:01]} 47. Kd2 {[%emt 0:00:01]} N3xf5 {[%emt 0:00:00]} 48. Nc7 {[%emt 0:00:00]} Nxh4 {[%emt 0:00:01]} 49. Nb5 {[%emt 0:00:00]} Nf3+ {[%emt 0:00:01]} 50. Ke3 {[%emt 0:00:01]} e4 {[%emt 0:00:00]} 51. Nd6+ {[%emt 0:00:00]} Ke6 {[%emt 0:00:02]} 52. Nxc4 {[%emt 0:00:00]} f5 {[%emt 0:00:01]} 53. Nd2 {[%emt 0:00:00]} Ng1 {[%emt 0:00:00]} 54. Kd4 {[%emt 0:00:01]} Nd5 {[%emt 0:00:00]} 55. Nc4 {[%emt 0:00:00]} Nf3+ {[%emt 0:00:01]} 56. Kc5 {[%emt 0:00:01]} Nxc3 {[%emt 0:00:01]} 57. Nb6 {[%emt 0:00:00]} Na4+ {[%emt 0:00:01]} 58. Kb5 {[%emt 0:00:01]} Nxb6 {[%emt 0:00:00]} 59. Kxa5 {[%emt 0:00:00]} e3 {[%emt 0:00:01]} 60. Kxb6 {[%emt 0:00:00]} e2 {[%emt 0:00:00]} 61. a4 {[%emt 0:00:00]} e1=Q {[%emt 0:00:00]} 62. a5 {[%emt 0:00:00]} Qa1 {[%emt 0:00:00]} 63. a6 {[%emt 0:00:00]} Qxa6+ {[%emt 0:00:01]} 64. Kxa6 {[%emt 0:00:00]} f4 {[%emt 0:00:00]} 65. Kb5 {[%emt 0:00:00]} Nd2 {[%emt 0:00:00] Zeit (Lag: Av=0.58s, max=1.1s)} 0-1

[Event "Stay Safe Play From Home 157"]
[Site "T#646177Emanuel Laske"]
[Date "2020.05.19"]
[Round "9"]
[White "SecantFX"]
[Black "Trotsky"]
[Result "1-0"]
[WhiteElo "1951"]
[BlackElo "1537"]
[Annotator "NA"]
[PlyCount "77"]
[EventDate "2020.05.19"]
[EventType "swiss (blitz)"]

1. g3 {[%emt 0:00:01]} d5 {[%emt 0:00:01]} 2. Bg2 {[%emt 0:00:00]} e6 {[%emt 0:00:02]} 3. f4 {[%emt 0:00:01]} c5 {[%emt 0:00:01]} 4. Nf3 {[%emt 0:00:00]} Nc6 {[%emt 0:00:01]} 5. e3 {[%emt 0:00:00]} Qc7 {[%emt 0:00:01]} 6. c3 {[%emt 0:00:00]} b6 {[%emt 0:00:01]} 7. d4 {[%emt 0:00:00]} Bb7 {[%emt 0:00:01]} 8. Nbd2 {[%emt 0:00:00]} Bd6 {[%emt 0:00:01]} 9. O-O {[%emt 0:00:01]} Nf6 {[%emt 0:00:01]} 10. Re1 {[%emt 0:00:00]} O-O {[%emt 0:00:01]} 11. Ne5 {[%emt 0:00:00]} Nxe5 {[%emt 0:00:02]} 12. fxe5 {[%emt 0:00:00]} Bxe5 {[%emt 0:00:01]} 13. dxe5 {[%emt 0:00:01]} Qxe5 {[%emt 0:00:01]} 14. e4 {[%emt 0:00:00]} d4 {[%emt 0:00:02]} 15. cxd4 {[%emt 0:00:01]} cxd4 {[%emt 0:00:01]} 16. Nf3 {[%emt 0:00:01]} Qc7 {[%emt 0:00:01]} 17. Nxd4 {[%emt 0:00:01]} Rad8 {[%emt 0:00:01]} 18. Be3 {[%emt 0:00:01]} Kh8 {[%emt 0:00:01]} 19. e5 {[%emt 0:00:01]} Nd5 {[%emt 0:00:04]} 20. Bf4 {[%emt 0:00:02]} Nxf4 {[%emt 0:00:04]} 21. Bxb7 {[%emt 0:00:02]} Qxb7 {[%emt 0:00:01]} 22. gxf4 {[%emt 0:00:00]} f6 {[%emt 0:00:01]} 23. Qa4 {[%emt 0:00:05]} Rde8 {[%emt 0:00:04]} 24. exf6 {[%emt 0:00:01]} gxf6 {[%emt 0:00:01]} 25. Nf3 {[%emt 0:00:01]} Rg8+ {[%emt 0:00:01]} 26. Kf2 {[%emt 0:00:02]} e5 {[%emt 0:00:02]} 27. fxe5 {[%emt 0:00:01]} fxe5 {[%emt 0:00:02]} 28. Qh4 {[%emt 0:00:02]} e4 {[%emt 0:00:03]} 29. Ng5 {[%emt 0:00:05]} Ref8+ {[%emt 0:00:05]} 30. Ke2 {[%emt 0:00:04]} e3 {[%emt 0:00:02]} 31. Qxh7+ {[%emt 0:00:04]} Qxh7 {[%emt 0:00:02]} 32. Nxh7 {[%emt 0:00:00]} Kxh7 {[%emt 0:00:01]} 33. Kxe3 {[%emt 0:00:00]} Re8+ {[%emt 0:00:02]} 34. Kd4 {[%emt 0:00:00]} Rg4+ {[%emt 0:00:01]} 35. Kd5 {[%emt 0:00:01]} Rd8+ {[%emt 0:00:02]} 36. Kc6 {[%emt 0:00:01]} Rc4+ {[%emt 0:00:01]} 37. Kb7 {[%emt 0:00:01]} Rcc8 {[%emt 0:00:02]} 38. Ka6 {[%emt 0:00:01]} b5 {[%emt 0:00:01]} 39. Re7+ {[%emt 0:00:01] Âðåìÿ '} 1-0

[Event "Stay Safe Play From Home 157"]
[Site "T#646177Emanuel Laske"]
[Date "2020.05.19"]
[Round "9"]
[White "Haris kollari 13"]
[Black "Lazieri3"]
[Result "0-1"]
[WhiteElo "1709"]
[BlackElo "2085"]
[Annotator "NA"]
[PlyCount "74"]
[EventDate "2020.05.19"]
[EventType "swiss (blitz)"]

1. e4 {[%emt 0:00:01]} c6 {[%emt 0:00:00]} 2. f4 {[%emt 0:00:01]} d5 {[%emt 0:00:00]} 3. e5 {[%emt 0:00:00]} Bf5 {[%emt 0:00:01]} 4. d4 {[%emt 0:00:01]} e6 {[%emt 0:00:01]} 5. Nf3 {[%emt 0:00:00]} c5 {[%emt 0:00:01]} 6. c3 {[%emt 0:00:01]} cxd4 {[%emt 0:00:01]} 7. cxd4 {[%emt 0:00:01]} Nc6 {[%emt 0:00:01]} 8. Nc3 {[%emt 0:00:01]} Bb4 {[%emt 0:00:01]} 9. Bd3 {[%emt 0:00:02]} Bxd3 {[%emt 0:00:01]} 10. Qxd3 {[%emt 0:00:01]} h5 {[%emt 0:00:00]} 11. Bd2 {[%emt 0:00:01]} g6 {[%emt 0:00:01]} 12. O-O {[%emt 0:00:01]} Nge7 {[%emt 0:00:01]} 13. a3 {[%emt 0:00:00]} Bxc3 {[%emt 0:00:02]} 14. bxc3 {[%emt 0:00:01]} Nf5 {[%emt 0:00:00]} 15. Rfb1 {[%emt 0:00:02]} b6 {[%emt 0:00:03]} 16. a4 {[%emt 0:00:01]} Na5 {[%emt 0:00:01]} 17. Qb5+ {[%emt 0:00:02]} Qd7 {[%emt 0:00:01]} 18. Be1 {[%emt 0:00:01]} Nc4 {[%emt 0:00:02]} 19. h3 {[%emt 0:00:04]} Rd8 {[%emt 0:00:06]} 20. a5 {[%emt 0:00:02]} Nxa5 {[%emt 0:00:03]} 21. c4 {[%emt 0:00:04]} Nxc4 {[%emt 0:00:01]} 22. Rxa7 {[%emt 0:00:04]} Qxb5 {[%emt 0:00:03]} 23. Rxb5 {[%emt 0:00:01]} O-O {[%emt 0:00:00]} 24. g4 {[%emt 0:00:02]} hxg4 {[%emt 0:00:01]} 25. hxg4 {[%emt 0:00:01]} Nfe3 {[%emt 0:00:01]} 26. g5 {[%emt 0:00:02]} Nc2 {[%emt 0:00:02]} 27. Bc3 {[%emt 0:00:02]} Ra8 {[%emt 0:00:02]} 28. Rxa8 {[%emt 0:00:04]} Rxa8 {[%emt 0:00:00]} 29. Kf2 {[%emt 0:00:01]} Ra2 {[%emt 0:00:01]} 30. Kg3 {[%emt 0:00:02]} N2e3 {[%emt 0:00:01]} 31. Rb1 {[%emt 0:00:04]} Rg2+ {[%emt 0:00:01]} 32. Kh3 {[%emt 0:00:01]} Rf2 {[%emt 0:00:01]} 33. Kg3 {[%emt 0:00:02]} Rg2+ {[%emt 0:00:01]} 34. Kh3 {[%emt 0:00:01]} Rc2 {[%emt 0:00:00]} 35. Be1 {[%emt 0:00:03]} Nf5 {[%emt 0:00:01]} 36. Kg4 {[%emt 0:00:02]} Nce3+ {[%emt 0:00:01]} 37. Kh3 {[%emt 0:00:01] .} Ng2 {[%emt 0:00:01] Time (Lag: Av=0.47s, max=0.8s)} 0-1